书目信息 |
| 题名: |
图书著译与编辑
|
|
| 作者: | 赵从旭 编著 | |
| 分册: | ||
| 出版信息: | 武汉 中国建材工业出版社 |
|
| 页数: | 291页 | |
| 开本: | 32开 | |
| 丛书名: | ||
| 单 册: | ||
| 中图分类: | C254.31 | |
| 科图分类: | ||
| 主题词: | 社会科学--组织机构 , 社会科学--团体 , 社会科学--会议 , 社会科学--国家行政机关 | |
| 电子资源: | ||
| ISBN: | 7-80090-080-0 | |
| 000 | 00656nam0 2200229 45 | |
| 001 | 0006201603 | |
| 005 | 20000620165043.9 | |
| 010 | @a7-80090-080-0@d8.90元 | |
| 100 | @a20000620d km y0chiy0120 ea | |
| 101 | 0 | @achi |
| 105 | @a z 000yy | |
| 200 | 1 | @a图书著译与编辑@ATu Shu Zhu Yi Yu Bian Ji@f赵从旭编著@FZhao Cong Xu Bian Zhu |
| 210 | @a武汉@c中国建材工业出版社 | |
| 215 | @a291页@d32开 | |
| 606 | 0 | @a社会科学@x组织机构 |
| 606 | 0 | @a社会科学@x团体 |
| 606 | 0 | @a社会科学@x会议 |
| 606 | 0 | @a社会科学@x国家行政机关 |
| 690 | @aC254.31@v3 | |
| 701 | 0 | @a赵从旭@4编著 |
| 801 | @aCN@bPftUser@c20000620 | |
| 905 | @b209637-640@dC254.31@eZH892@f4 | |
| 图书著译与编辑/赵从旭编著.-武汉:中国建材工业出版社 |
| 291页;32开 |
| ISBN 7-80090-080-0:8.90元 |
| ● |
| 相关链接 |
|
|
|
正题名:图书著译与编辑
索取号:C254.31/ZH892
 
预约/预借
| 序号 | 登录号 | 条形码 | 馆藏地/架位号 | 状态 | 备注 |
| 1 | 209637 | 202096374 | 社科库509/509社科库 81排3列4层/ [索取号:C254.31/ZH892] | 在馆 | |
| 2 | 209638 | 202096383 | 社科库509/509社科库 81排3列4层/ [索取号:C254.31/ZH892] | 在馆 | |
| 3 | 209639 | 202096392 | 社科库509/509社科库 55排9列4层/ [索取号:C254.31/ZH892] | 在馆 |